Isla de Brétema / (Record no. 132543)

MARC details
000 -LEADER
campo de control de longitud fija 00624nam a2200205 4500
001 - NÚMERO DE CONTROL
campo de control 132543
003 - IDENTIFICADOR DE NÚMERO DE CONTROL
campo de control ES-MaACL
007 - CAMPO FIJO DE DESCRIPCIÓN FÍSICA--INFORMACIÓN GENERAL
campo de control de longitud fija t|
008 - DATOS DE LONGITUD FIJA--INFORMACIÓN GENERAL
campo de control de longitud fija 070214s1985 sp r ||||1| spa d
100 1# - ENTRADA PRINCIPAL--NOMBRE DE PERSONA
Nombre de persona Romero Yebra, Ana María.
9 (RLIN) 99455
245 10 - MENCIÓN DEL TÍTULO
Título Isla de Brétema /
Mención de responsabilidad, etc. Ana María Romero Yebra.
250 ## - MENCION DE EDICION
Mención de edición 1ª ed.
260 ## - PUBLICACIÓN, DISTRIBUCIÓN, ETC.
Lugar de publicación, distribución, etc. Madrid :
Nombre del editor, distribuidor, etc. Torremozas,
Fecha de publicación, distribución, etc. 1985.
300 ## - DESCRIPCIÓN FÍSICA
Extensión 80 p. ;
Dimensiones 17 cm.
490 1# - MENCIÓN DE SERIE
Mención de serie Colección Torremozas de poesía de mujeres ;
Designación de volumen o secuencia 21
830 00 - PUNTO DE ACCESO ADICIONAL DE SERIE-TÍTULO UNIFORME
Título uniforme Colección Torremozas de poesía de mujeres
Designación de volumen o secuencia 21
9 (RLIN) 177494
852 ## - LOCALIZACIÓN
Ubicación ES-MaACL
Número de control de estantería L-8474
Sublocalización o colección R.108692
942 ## - ELEMENTOS DE ENTRADA SECUNDARIOS (KOHA)
Fuente del sistema de clasificación o colocación Clasificación decimal universal
Holdings
Estatus retirado Estado de pérdida Estado de daño No para préstamo Biblioteca de origen Biblioteca actual Ubicación en estantería Fecha de adquisición Fuente de adquisición Total de préstamos Signatura topográfica completa Código de barras Visto por última vez Precio de reemplazo Tipo de ítem Koha
        Biblioteca del Ateneo de Madrid Biblioteca del Ateneo de Madrid Depósito 2 17/01/2008     L-8474 1137993 23/02/2023 23/02/2023 Libro impreso